000 00479nam a2200181Ia 4500
001 24978
005 20260414151119.0
008 260414t2013||||xx |||||||||||||| ||spa||
041 _aESP
082 _a346.02
_bB81 2013
100 _aBravo Melgar, Sidney Alex
_eAUT
245 0 _aContratos modernos empresariales :
_bcontratos atípicos e innominados
260 _c2013
300 _a 000 páginas :
_c00 cm.
650 _aDER
654 _aCDE
942 _cLIB
_dJUS
_fJUS
_2ddc
_n
999 _c24978
_d24978